Odyssey
Zapisane w:
| 1. autor: | |
|---|---|
| Format: | Książka |
| Język: | Undetermined |
| Wydane: |
Hà Nội
Văn học
1983
|
| Hasła przedmiotowe: | |
| Etykiety: |
Dodaj etykietę
Nie ma etykietki, Dołącz pierwszą etykiete!
|
| Thư viện lưu trữ: | Trung tâm Học liệu Trường Đại học Cần Thơ |
|---|
| LEADER | 00439nam a2200169Ia 4500 | ||
|---|---|---|---|
| 001 | CTU_16015 | ||
| 008 | 210402s9999 xx 000 0 und d | ||
| 082 | |a 883.18 | ||
| 082 | |b H766/1983 | ||
| 100 | |a Homère | ||
| 245 | 0 | |a Odyssey | |
| 245 | 0 | |c Homère, Phan Thị Miến | |
| 260 | |a Hà Nội | ||
| 260 | |b Văn học | ||
| 260 | |c 1983 | ||
| 650 | |a greek literature | ||
| 980 | |a Trung tâm Học liệu Trường Đại học Cần Thơ | ||